000 00839nam a2200241 a 4500
001 000048030
003 DO-SdBNP
005 20240412074306.0
007 ta
008 181101s2017 dr ac 000 p spa d
020 _a9789945494259
040 _aDO-SdBNP
_bspa
_cBNPHU
082 4 _222
_aRD861.44
_bR595a
100 1 _aRisco Bermúdez, René del,
_d1937-1972
_912315
245 1 0 _aAhora que vuelvo, Ton :
_by una selección de poemas /
_cRené del Risco Bermúdez.
260 _aSanto Domingo :
_bVicepresidencia de la República Dominicana,
_bBiblioteca Infantil y Juvenil República Dominicana,
_c2017.
300 _a52 p. :
_bil., retrs. ;
_c21 cm.
590 _aInventariado, 2018/LP
650 4 _aPoesía dominicana
_966
650 0 _aLiteratura dominicana.
_967
910 _aValidado. Control de calidad MFF
942 _2ddc
_cLBS1
999 _c47518
_d47518